[Event "AUTO-OPEN-1243"]
[Site "http://www.queenalice.com/game.php?id=454643"]
[Date "2008.8.28"]
[Round "1"]
[White "dreddvedder"]
[Black "mosaico"]
[Result "1-0"]
[WhiteElo "1940"]
[BlackElo "1218"]

1. d4 d5 2. c4 Nc6 3. cxd5 Qxd5 4. Nf3 Bg4 5. e3 Bxf3 6. Qxf3 Nf6 7. Be2 O-O-O
8. Nc3 Qd7 9. O-O e6 10. Rd1 Be7 11. e4 Bb4 12. Bb5 Bxc3 13. bxc3 a6 14. Ba4 g6
15. Qxf6 Rhg8 16. Bg5 b5 17. Bb3 Na5 18. Bc2 Nc4 19. Qf3 Rgf8 20. Bxd8 Qxd8 21.
a4 1-0

[Event "AUTO-OPEN-1243"]
[Site "http://www.queenalice.com/game.php?id=454644"]
[Date "2008.8.28"]
[Round "1"]
[White "mosaico"]
[Black "dreddvedder"]
[Result "0-1"]
[WhiteElo "1218"]
[BlackElo "1942"]

1. e4 c5 2. d4 cxd4 3. Qxd4 Nc6 4. Qd1 Nf6 5. Nc3 d6 6. Nf3 e6 7. Bb5 Bd7 8.
Bxc6 Bxc6 9. O-O Nxe4 10. Qd4 Nf6 11. Be3 Be7 12. Rad1 O-O 13. b4 Bxf3 14. gxf3
b6 15. Kh1 Rc8 16. Rd2 Qc7 17. Nb5 Qb7 18. Bg5 Qxf3+ 19. Kg1 d5 20. Rd3 Qh5 21.
h4 Rc4 0-1

[Event "AUTO-OPEN-1243"]
[Site "http://www.queenalice.com/game.php?id=454669"]
[Date "2008.8.28"]
[Round "1"]
[White "Barreto"]
[Black "mosaico"]
[Result "1-0"]
[WhiteElo "1997"]
[BlackElo "1218"]

1. e4 e5 2. Nf3 Nc6 3. Bb5 Nf6 4. Nc3 Bb4 5. O-O Nd4 6. Nxd4 exd4 7. e5 dxc3 8.
dxc3 Nd5 9. cxb4 Nxb4 10. Qg4 c6 11. Qxg7 Rf8 12. Bc4 Qe7 13. Bg5 f6 14. exf6
Qd6 15. f7+ Rxf7 16. Qxf7# 1-0

[Event "AUTO-OPEN-1243"]
[Site "http://www.queenalice.com/game.php?id=454670"]
[Date "2008.8.28"]
[Round "1"]
[White "mosaico"]
[Black "Barreto"]
[Result "0-1"]
[WhiteElo "1218"]
[BlackElo "2124"]

1. e4 c5 2. c3 e6 3. d4 d5 4. Bb5+ Nc6 5. Ne2 dxe4 6. O-O Bd7 7. dxc5 Bxc5 8.
Nd2 Bxf2+ 9. Rxf2 e3 10. Rf3 exd2 11. Qxd2 Qb6+ 12. Nd4 Nf6 13. Bxc6 Bxc6 14.
Rf2 Ne4 15. Qe3 Nxf2 16. Kxf2 O-O 17. Nxc6 Qxc6 18. Qf4 Qb6+ 19. Be3 Qxb2+ 0-1

[Event "AUTO-BEG-246"]
[Site "http://www.queenalice.com/game.php?id=455806"]
[Date "2008.8.30"]
[Round "1"]
[White "PH_gga"]
[Black "mosaico"]
[Result "1-0"]
[WhiteElo "1690"]
[BlackElo "1231"]

1. e4 e5 2. Qf3 Nf6 3. Bc4 Nc6 4. d3 d6 5. Bg5 Bg4 6. Bxf6 Bxf3 7. Bxd8 Nxd8 8.
Nxf3 Nc6 9. Ng5 f6 10. Ne6 Be7 11. Nxg7+ Kf8 12. Ne6+ Ke8 13. Nxc7+ Kd7 14. Nxa8
Na5 15. Bb5+ Ke6 16. Nc7+ Kf7 17. O-O a6 18. Ba4 Bd8 19. Nd5 b5 20. Bb3 Nc6 21.
Nc7+ Ke7 22. Nxa6 Bb6 23. c4 bxc4 24. dxc4 Nd4 25. Nd2 Ke6 26. c5+ Nxb3 27. Rad1
Nxc5 28. Nxc5+ Bxc5 29. a4 d5 30. exd5+ Kxd5 31. Nb3+ 1-0

[Event "AUTO-BEG-246"]
[Site "http://www.queenalice.com/game.php?id=455807"]
[Date "2008.8.30"]
[Round "1"]
[White "mosaico"]
[Black "PH_gga"]
[Result "0-1"]
[WhiteElo "1233"]
[BlackElo "1587"]

1. e4 e5 2. Nf3 Nf6 3. Nc3 Nc6 4. Bb5 a6 5. Bxc6 dxc6 6. Nxe5 Qe7 7. Nf3 Nxe4 8.
Qe2 Nxc3 9. dxc3 Bf5 10. Nd4 Qxe2+ 11. Nxe2 Bxc2 12. O-O Bf5 13. Nd4 Be4 14. Re1
O-O-O 15. Rxe4 Bd6 16. Nf3 h6 17. b4 Bxb4 18. Bd2 Bc5 19. Ne5 Rxd2 20. Nxf7
Bxf2+ 21. Kf1 Rf8 22. g3 Rxf7 23. Kg2 Bd4+ 24. Kh3 Bxc3 25. Re8+ Rd8 26. Re3
Bxa1 27. g4 g5 28. Re6 Rd3+ 0-1

[Event "AUTO-BEG-246"]
[Site "http://www.queenalice.com/game.php?id=455831"]
[Date "2008.8.30"]
[Round "1"]
[White "archiphile"]
[Black "mosaico"]
[Result "1-0"]
[WhiteElo "1714"]
[BlackElo "1248"]

1. d4 d5 2. h3 Nc6 3. Bf4 f6 4. e3 e5 5. dxe5 fxe5 6. Bg3 Nf6 7. Bb5 Bd7 8. Bxc6
Bxc6 9. Bxe5 Qe7 10. Qd4 Qc5 11. c3 Be7 12. Na3 O-O-O 13. b4 Qxd4 14. exd4 b6
15. Nc2 Ne4 16. Ne2 Rhf8 17. O-O Nd2 18. Rfe1 Nc4 19. Bxg7 Rg8 20. Bh6 Rg6 21.
Bf4 a5 22. a4 Bg5 23. Bh2 Bd2 24. Reb1 Re6 25. Nf4 Re7 26. Rd1 Kb7 27. bxa5 bxa5
28. Rdb1+ Kc8 29. Rb3 Rf8 30. Nd3 Bd7 31. Nc5 Bf5 32. Na6 Bxc2 33. Rb8+ Kd7 34.
Rxf8 Bxc3 35. Nc5+ Kc6 36. Rf6+ 1-0

[Event "Challenge"]
[Site "http://www.queenalice.com/game.php?id=456972"]
[Date "2008.9.1"]
[Round "-"]
[White "Nataro"]
[Black "mosaico"]
[Result "0-1"]
[WhiteElo "1279"]
[BlackElo "1212"]

1. e4 e5 2. Bc4 Nf6 3. Nf3 Nc6 4. Ng5 Qe7 5. Nxf7 Rg8 6. Ng5 Rh8 7. d4 d6 8. d5
Nd4 9. c3 Bg4 10. f3 Bd7 11. a4 h6 12. Nh3 Bxh3 13. gxh3 c5 14. Bb5+ Nxb5 15.
axb5 Qc7 0-1

[Event "jugamos otra"]
[Site "http://www.queenalice.com/game.php?id=468016"]
[Date "2008.9.24"]
[Round "-"]
[White "archiphile"]
[Black "mosaico"]
[Result "1-0"]
[WhiteElo "1710"]
[BlackElo "1252"]

1. d4 d5 2. h3 Nc6 3. Bf4 Nf6 4. e3 h6 5. a3 g5 6. Bh2 e6 7. Nf3 Nd7 8. c4 dxc4
9. Bxc4 b6 10. b4 a6 11. d5 Ne7 12. dxe6 fxe6 13. Bxe6 Nf6 14. Qxd8+ Kxd8 15.
Bb3 c6 16. Nbd2 Bg7 17. Rd1 c5 18. Nc4+ Bd7 19. Nd6 Kc7 20. Nf7+ Kc6 21. Nxh8
Rxh8 22. Ne5+ Kc7 23. Nf7+ 1-0

[Event "AUTO-BEG-281"]
[Site "http://www.queenalice.com/game.php?id=519456"]
[Date "2009.1.8"]
[Round "1"]
[White "oriolet"]
[Black "mosaico"]
[Result "0-1"]
[WhiteElo "1126"]
[BlackElo "1258"]

1. e4 e5 2. d3 d5 3. exd5 Qxd5 4. c3 Nf6 5. c4 Qd8 6. a4 b6 7. Nf3 Nc6 8. Be2
Bb4+ 9. Bd2 a5 10. O-O O-O 0-1

[Event "AUTO-BEG-281"]
[Site "http://www.queenalice.com/game.php?id=519482"]
[Date "2009.1.8"]
[Round "1"]
[White "dwrogers"]
[Black "mosaico"]
[Result "1-0"]
[WhiteElo "1520"]
[BlackElo "1269"]

1. e4 e5 2. Bc4 Nf6 3. Nc3 d6 4. Nf3 Bd7 5. d4 Nc6 6. d5 Na5 7. b3 c6 8. dxc6
Bxc6 9. O-O Nxc4 10. bxc4 Qa5 11. Bd2 g6 12. Nd5 Qd8 13. Bg5 Bg7 14. c3 O-O 15.
Bxf6 Bxf6 16. Qd2 Bxd5 17. cxd5 Rc8 18. Rab1 Qd7 19. Qb2 b6 20. Nd2 Rb8 21. Qa3
h5 22. Nc4 Bg7 23. Nxd6 Qg4 24. f3 Qd7 25. Nc4 b5 26. Qd6 Qb7 27. Na5 Qc8 28.
Nc6 1-0

[Event "AUTO-BEG-281"]
[Site "http://www.queenalice.com/game.php?id=519483"]
[Date "2009.1.8"]
[Round "1"]
[White "mosaico"]
[Black "dwrogers"]
[Result "0-1"]
[WhiteElo "1263"]
[BlackElo "1526"]

1. e4 e5 2. Nf3 Nc6 3. d4 exd4 4. Nxd4 Bc5 5. Be3 Nxd4 6. Bxd4 Qe7 7. Nc3 Bb4 8.
Bxg7 Bxc3+ 9. Bxc3 Qxe4+ 10. Qe2 Qxe2+ 11. Bxe2 f6 12. a4 d6 13. O-O Bd7 14. Bf3
O-O-O 15. Bd5 c6 16. Bxf6 Nxf6 17. Bb3 Ne4 18. Rfe1 d5 19. f3 Nd2 20. Ba2 Rhg8
21. Kf2 Nc4 22. b3 Nd6 23. b4 Rge8 24. Red1 Nc4 25. c3 Nb2 26. Rd2 Nxa4 27. g4
Nxc3 0-1